Canciones para voz y piano
Đã lưu trong:
| Tác giả chính: | |
|---|---|
| Định dạng: | Sách |
| Ngôn ngữ: | Tiếng Tây Ban Nha |
| Được phát hành: |
Valparaíso
Universitarias de Valparaíso
2006
|
| Phiên bản: | 1a. ed |
| Những chủ đề: | |
| Các nhãn: |
Thêm thẻ
Không có thẻ, Là người đầu tiên thẻ bản ghi này!
|
MARC
| LEADER | 00000nam a2200000 a 4500 | ||
|---|---|---|---|
| 001 | UCJ9401 | ||
| 003 | CL-VaPUC | ||
| 005 | 20250311092758.0 | ||
| 008 | 070316e20060000CL |||||||||||||||||spa|d | ||
| 999 | |c 324929 |d 324927 | ||
| 020 | |a 9561703912 | ||
| 040 | |c Pontificia Universidad Católica de Valparaíso | ||
| 082 | 0 | 4 | |a Ca782.42 |b ORT |2 21 |
| 100 | |a Ortega Alvarado, Sergio |e autor |9 519386 | ||
| 245 | 1 | 0 | |a Canciones para voz y piano |
| 250 | |a 1a. ed | ||
| 260 | |a Valparaíso |b Universitarias de Valparaíso |c 2006 | ||
| 300 | |a 67 p | ||
| 583 | |a last modification |c 20070316 00:00:00 |k Rodrigo Vera | ||
| 650 | 0 | |a Canciones |2 CL-VaPUC |9 306659 | |
| 650 | 0 | |a Compositores chilenos |9 306644 | |
| 650 | 0 | |a Música para piano |9 306528 | |
| 650 | 0 | |a Música para voz y piano |9 447997 | |
| 942 | |c BK |2 ddc | ||
| 945 | |d 20070316 00:00:00 |a cmena | ||
| 952 | |0 0 |1 0 |4 0 |6 CA_782_420000000000000_ORT_2006 |7 0 |8 X |9 405320 |a BIBEDU |b BIBEDU |d 2019-11-22 |i 4324919 |o Ca782.42 ORT 2006 |p 4324919 |r 2023-11-22 |w 2019-11-22 |y BK_X |k MUS | ||
| 952 | |0 0 |1 0 |4 0 |6 CA_782_420000000000000_ORT_2006 |7 0 |8 X |9 405321 |a BIBEDU |b BIBEDU |d 2019-11-22 |i 4324927 |o Ca782.42 ORT 2006 |p 4324927 |r 2023-11-22 |w 2019-11-22 |y BK_X |k MUS | ||